Baby Names: US (2007) Quiz Stats

 Plays Quiz Updated Oct 23, 2020

     
Support Sporcle.
Go Orange.
Score 0/20 Timer 05:00
3 Plays Today
% Correct
Michael
66.5%
Emily
52.9%
Matthew
50.1%
Emma
43.7%
Jacob
43.2%
Elizabeth
37.9%
William
37.1%
Daniel
35.9%
Christopher
35.4%
Andrew
31.9%
% Correct
Madison
31.9%
Joshua
28.9%
Hannah
28.3%
Olivia
24.7%
Isabella
21.9%
Sophia
20.1%
Ava
19.6%
Ethan
18.8%
Abigail
15.3%
Anthony
15.2%

From the Vault

5-Star Parts of Speech

by kittypoo

This noun is so adjective.
Remove Ads.
Support Sporcle.
Get the best of Sporcle when you Go Orange. This ad-free experience offers more features, more stats, and more fun while also helping to support Sporcle. Thank you for becoming a member.

Show Comments

Extras

Top Quizzes Today


Score Distribution

Your Account Isn't Verified!

In order to create a playlist on Sporcle, you need to verify the email address you used during registration. Go to your Sporcle Settings to finish the process.

Report this User

Report this user for behavior that violates our Community Guidelines.

Details: